La mirada del Mediterráneo : (Record no. 182171)

MARC details
000 -LEADER
campo de control de longitud fija 00913nam a2200241 i 4500
001 - NÚMERO DE CONTROL
campo de control 182171
003 - IDENTIFICADOR DE NÚMERO DE CONTROL
campo de control ES-MaACL
005 - FECHA Y HORA DE LA ÚLTIMA TRANSACCIÓN
campo de control 20231022185325.0
008 - DATOS DE LONGITUD FIJA--INFORMACIÓN GENERAL
campo de control de longitud fija 130621s2011 sp | |||||||| | spa d
020 ## - NÚMERO INTERNACIONAL ESTÁNDAR DEL LIBRO
Número Internacional Estándar del Libro 978-84-7822-605-4
080 ## - NÚMERO DE LA CLASIFICACIÓN DECIMAL UNIVERSAL
Número de la Clasificación Decimal Universal 821.134.2(460.31).09"19"
100 1# - ENTRADA PRINCIPAL--NOMBRE DE PERSONA
Nombre de persona García Cueto, Pedro.
9 (RLIN) 152969
245 13 - MENCIÓN DEL TÍTULO
Título La mirada del Mediterráneo :
Resto del título estudio de doce poetas valencianos contemporáneos en lengua castellana /
Mención de responsabilidad, etc. Pedro García Cueto.
260 ## - PUBLICACIÓN, DISTRIBUCIÓN, ETC.
Lugar de publicación, distribución, etc. [Valencia] :
Nombre del editor, distribuidor, etc. Institució Alfons el Magnànim,
Fecha de publicación, distribución, etc. 2011.
300 ## - DESCRIPCIÓN FÍSICA
Extensión 219 p. ;
Dimensiones 21 cm.
490 1# - MENCIÓN DE SERIE
Mención de serie Estudis universitaris ;
Designación de volumen o secuencia 128
504 ## - NOTA DE BIBLIOGRAFÍA, ETC.
Nota de bibliografía, etc. Bibliografía: [3] p.
650 #4 - PUNTO DE ACCESO ADICIONAL DE MATERIA--TÉRMINO DE MATERIA
Término de materia o nombre geográfico como elemento de entrada Poesía española-
Subdivisión geográfica Comunidad Valenciana-
Subdivisión general Historia y crítica.
9 (RLIN) 152970
830 0# - PUNTO DE ACCESO ADICIONAL DE SERIE-TÍTULO UNIFORME
Título uniforme Estudis universitaris ;
Designación de volumen o secuencia 128
9 (RLIN) 184220
852 ## - LOCALIZACIÓN
Ubicación ES-MaACL
Número de control de estantería A-12744
itemnumber 189082
Sublocalización o colección R.148553
Ubicación en estantería Depósito 1
Signatura antigua Olim: N-5744
942 ## - ELEMENTOS DE ENTRADA SECUNDARIOS (KOHA)
Fuente del sistema de clasificación o colocación Clasificación decimal universal
Tipo de ítem Koha Libro impreso
Holdings
Estatus retirado Estado de pérdida Fuente del sistema de clasificación o colocación Estado de daño No para préstamo Biblioteca de origen Biblioteca actual Ubicación en estantería Fecha de adquisición Fuente de adquisición Total de préstamos Signatura topográfica completa Código de barras Visto por última vez Precio de reemplazo Tipo de ítem Koha
    Clasificación decimal universal     Biblioteca del Ateneo de Madrid Biblioteca del Ateneo de Madrid Depósito 1 21/06/2013 Donación   A-12744 1191440 23/02/2023 23/02/2023 Libro impreso